00822nam a2200205Ia 4500003000900000008004100009020001400050040001600064080002000080111008500100245018900185260004100374300001500415490001500430650004100445650001700486650003900503700002300542710005100565IN-BaIIA211028s9999 xx 000 0 eng d a0379-6566 cIIA Library a524(082.2)bESA aInternational Symposium on New Insights in AstrophysicscLondond1986 July 14-16 0aNew insights in astrophysicsbproceedings of an International symposium held at University College London, 14-16-July, 1986ccompiled by E. J. Rolfe  aFrance,bEuropean Space Agencyc1986 axv, 724 p. aESA SP-263 aAstronomy and Astrophysics Thesaurus aAstrophysics aInternational Ultraviolet Explorer aRolfe, E. J. comp. aNational Aeronautics and Space Administration.